000 00732nam a2200241 i 4500
001 C2-0238528
003 PPAK
005 20180727201604.0
008 020421s1994 nyua|||| ||||| | eng d
020 _a068480137X
040 _aPPAK
_beng
_cPPAK
_erda
082 0 4 _a940.542142
_223
090 0 0 _a940.542142
_bAMB
_dG
100 1 _aAmbrose, Stephen E.,
_eauthor
245 1 0 _aD-Day June 6,1944
_bThe climactic battle of World War 11
264 1 _aNew York :
_bA Touchstone Book ,
_c1994
300 _a655 pages :
_billustrations ;
_c23 cm
336 _2rdacontent
_atext
337 _2rdamedia
_aunmediated
338 _2rdacarrier
_avolume
650 1 0 _aWorld War, 1939-1945 - Campaigns - France - Normandy
942 _ddc
_cB
999 _c53874
_d53874